Library Banner

The biblical view of self-esteem self-love self-image (Record no. 11845)

MARC details
000 -LEADER
fixed length control field 00406nam a2200169Ia 4500
001 - CONTROL NUMBER
control field 10904
008 - FIXED-LENGTH DATA ELEMENTS--GENERAL INFORMATION
fixed length control field 140331s9999 xx 000 0 und d
020 ## - INTERNATIONAL STANDARD BOOK NUMBER
International Standard Book Number 9971-991-17-9
040 ## - CATALOGING SOURCE
Transcribing agency PK-LaUMT
082 ## - DEWEY DECIMAL CLASSIFICATION NUMBER
Classification number 220
Item number ADA-B
100 ## - MAIN ENTRY--PERSONAL NAME
Personal name Adams, Jay E.
245 #4 - TITLE STATEMENT
Title The biblical view of self-esteem self-love self-image
Statement of responsibility, etc Adams, Jay E.
260 ## - PUBLICATION, DISTRIBUTION, ETC. (IMPRINT)
Date of publication, distribution, etc 1986
300 ## - PHYSICAL DESCRIPTION
Extent 143 p.
546 ## - LANGUAGE NOTE
Language note EN
942 ## - ADDED ENTRY ELEMENTS (KOHA)
Koha item type Books
Holdings
Withdrawn status Lost status Source of classification or shelving scheme Damaged status Not for loan Home library Current library Date acquired Total Checkouts Full call number Barcode Date last seen Price effective from Koha item type Date checked out
    Dewey Decimal Classification     UMT Main Campus UMT Main Campus 2014-03-31   220 ADA-B 12378 2014-04-21 2014-04-21 Books  
    Dewey Decimal Classification     UMT Main Campus UMT Main Campus 2014-06-04   220 ADA-B 13620 2014-06-04 2014-06-04 Books  
    Dewey Decimal Classification     UMT Main Campus UMT Main Campus 2014-06-04 1 220 ADA-B 13627 2022-10-29 2014-06-04 Books 2022-10-27